| 000 | 00000nam##2200000za#4500 |
| 001 | 9.601588 |
| 003 | CaOODSP |
| 005 | 20210624210138 |
| 007 | cr ||||||||||| |
| 008 | 150406|2006||||xxc|||||o f|0| 0 fre|d |
| 040 | |aCaOODSP|bfre |
| 043 | |an-cn--- |
| 086 | 1 |aYC34-0/391-2F-PDF |
| 110 | 1 |aCanada. |bParlement. |bSénat. |bComité sénatorial permanent des langues officielles. |
| 245 | 10|aVivre en français en Nouvelle-Écosse : une réalité à comprendre, un défi à relever : |h[ressource électronique]|bmission d'étude auprès des communautés acadiennes et francophones de la Nouvelle-Écosse, du 19 au 23 Septembre 2005 / |cL'honorable Maria Chaput, présidente ; l'honorable Andrée Champagne, C.P., vice-présidente. |
| 260 | |aOttawa - Ontario : |bSénat. |cOctobre 2006. |
| 300 | |a45p.|bcarte en couleur, références, tableaux |
| 490 | 1 |aRapport du Comité sénatorial permanent des langues officielles|v39e législature, 1re session, [2e rapport] |
| 590 | |a11-12-Supp|b2011-07-29 |
| 775 | 08|tUnderstanding the reality and meeting the challenges of living in French in Nova Scotia : |w(CaOODSP)9.570945 |
| 830 | #0|aRapport du Comité sénatorial permanent des langues officielles ;|v39e législature, 1re session, [2e rapport]|w(CaOODSP)9.501658 |
| 856 | 40|ahttp://publications.gc.ca|qPDF|s482 Ko|uhttps://publications.gc.ca/collections/collection_2011/sen/yc34-0/YC34-0-391-2-fra.pdf|y39e législature, 1re session, [2e rapport] |